000 00360nam a2200133Ia 4500
008 231129s2002||||xx |||||||||||||| ||spa||
020 _a958-33-3666-1
040 _bspa
082 _a759.9861 J37r
245 0 _aLorenzo Jaramillo
260 _c2002
264 _aBogotá Colombia : Seguros Bolí­var
942 _2ddc
_cBKS
999 _c19445
_d19445